Κατάλογος Βιβλιοθηκών Mediterranean College

Physiological Psychology / Study Guide and Workshop (Record no. 5233)

MARC details
000 -LEADER
fixed length control field 00969cam a22001934a 4500
005 - ΗΜΕΡΟΜΗΝΙΑ ΚΑΙ ΩΡΑ ΤΕΛΕΥΤΑΙΑΣ ΕΝΗΜΕΡΩΣΗΣ
Πεδίο ελέγχου 20250605164207.0
008 - FIXED-LENGTH DATA ELEMENTS--GENERAL INFORMATION
Πεδίο ελέγχου σταθερού μήκους 250528s ||||||||||||||||||||||||d
035 ## - SYSTEM CONTROL NUMBER
System control number 20094
020 ## - ISBN
ISBN 390257893
040 ## - ΠΗΓΗ ΚΑΤΑΛΟΓΟΓΡΑΦΗΣΗΣ
Φορέας πρωτότυπης καταλογογράφησης MC Athens Campus Library
Γλώσσα καταλογογράφησης Ελληνικά, Μοντέρνα (1453-)
Modifying agency MC Athens Campus Library
Κανόνες περιγραφικής καταλογογράφησης AACR2
245 1# - ΤΙΤΛΟΣ ΚΑΙ ΔΗΛΩΣΗ ΥΠΕΥΘΥΝΟΤΗΤΑΣ
Τίτλος Physiological Psychology / Study Guide and Workshop
260 ## - PUBLICATION, DISTRIBUTION, ETC.
Name of publisher, distributor, etc. Appleton Century Crofts,
Date of publication, distribution, etc. 1973
300 ## - PHYSICAL DESCRIPTION
Extent 176
520 ## - SUMMARY, ETC.
Summary, etc. Preface, Methodology of Physiological Psychology, Neuroanatomy I, Neuroanatomy II, Genetics and Behavior, Plasticity and Behavior, Sensory Processes I, Sensory Processes II, Sleep, Attention, Emotion, Electrical Stimulation of the Brain, Hunger and Thirst I, Hunger and Thirst II, Reproductive Behavior, Learning, Memory, Functional Disorders of Human Behavior, Spinal Motor Mechanisms, The Cortex and Behavior, Psychopharmacology, Clinical Neurology, Reference Matrix, Bibliography, Index.
700 1# - ΠΡΟΣΘΕΤΗ ΑΝΑΓΡΑΦΗ--ΦΥΣΙΚΟ ΠΡΟΣΩΠΟ
Personal name Deagle John
9 (RLIN) 6137
942 ## - ADDED ENTRY ELEMENTS (KOHA)
Koha item type Books
Holdings
Τύπος τεκμηρίου Βιβλιοθήκη Τρέχουσα τοποθεσία Barcode Αριθμός εισαγωγής Ημερομηνία απόκτησης Ταξιθετικό σύμβολο Αριθμός αντιτύπου Κατάσταση απόσυρσης Κατάσταση χαμένου Κατάσταση κατεστραμμένου Μη δανεισμός Σύνολο δανεισμών Ημερομηνία τελευταίας εμφάνισης Η τιμή ισχύει από
Books MC Athens Campus Library MC Athens Campus Library 9780000052322 6312 05/06/2025 152 DEA 1           05/06/2025 05/06/2025

MC Athens Campus Library
Πατησίων 94 & Κοδριγκτώνος 13, 104 34
Πελλήνης 8 & Πατησίων 107, 112 51
Τ: +30 210 8899600

MC Thessaloniki Campus Library
Ίωνος Δραγούμη 21, 54625 | Ίωνος Δραγούμη 15, 54625
Τ: +30 2310 287779 – Τ: +30 2314 440300